| 000 | 00579na a2200229 4500 | ||
|---|---|---|---|
| 001 | 13252 | ||
| 003 | MIRAKIL | ||
| 005 | 20181213154821.0 | ||
| 008 | 161031b tu 000 0 | ||
| 035 | _a13252 | ||
| 040 |
_aMilas _btur _cTR-AnCHP |
||
| 041 | _atur | ||
| 082 |
_a334.6 _bT26b 1990 |
||
| 090 | _a334.6 T26b 1990 | ||
| 100 | _aTarhan, Nedim | ||
| 245 |
_aBu bir savunma değildir _cNedim Tarhan |
||
| 260 |
_aAnkara _bHacan Yayınları _c1990 |
||
| 300 |
_a124 s. _c20 sm. |
||
| 650 | _aKöy kooperatifçiliği | ||
| 650 | _aKooperatifçilik | ||
| 942 |
_2ddc _cBKS |
||
| 999 |
_c1388 _d1388 |
||